| 000 | 00430nam a2200169Ia 4500 | ||
|---|---|---|---|
| 008 | 230524s9999 xx 000 0 und d | ||
| 082 |
_a621.382 _bSHA |
||
| 100 |
_aG.Shanmugam _920717 |
||
| 245 | 0 | _aBasic Civil and Mechanical Engineering | |
| 250 | _a2ND | ||
| 260 |
_aNEW DELHI _bTMH _c1993 |
||
| 300 | _aXIII;172 | ||
| 500 | _aQuantity Number: 1 | ||
| 650 | _aMechanics | ||
| 700 |
_a M.S.Palanichamy _920718 |
||
| 942 | _cBK | ||
| 999 |
_c30520 _d30520 |
||